000 00203 a2200097 4500
001 57581
100 _a
245 _aZibah azeem
260 _aLahore
_bMinhaj ul Quran
_c
090 _c35316
_d35316
942 _aNUST-CAE
_cMONOGRAPH
_c28132
999 _c292654
_d292654